Most Strikeouts in Career - Statistics

General Stats
  • This quiz has been taken 51 times
  • The average score is 10 of 25
Answer Stats
Hint Answer % Correct
2597 Reggie Jackson
90%
1757 Bobby Bonds
77%
2306 Sammy Sosa
74%
2287 Alex Rodriguez
68%
2548 Jim Thome
61%
2379 Adam dunn
58%
1883 Mike Schmidt
58%
1942 Jose Canseco
55%
1779 Ken Griffey
55%
1750 David Ortiz
45%
1748 Andruw Jones
42%
1813 Manny Ramirez
42%
1840 Derek jeter
39%
1936 Willie Stargell
39%
1816 Dave Kingman
35%
1843 and Rising Ryan Howard
29%
1745 Carlos Delgado
23%
1753 Craig Biggio
19%
1867 Tony Perez
19%
1748 Dale Murphy
16%
1882 Fred McGriff
16%
1803 Alfonso Soriano
13%
2003 Andres Galarraga
13%
1840 Bobby Abreu
0%
1901 Mike Cameron
0%
No matching quizzes found
Score Distribution
Percent of People with Each Score
Percentile by Number Answered
Your Score History
You have not taken this quiz